|
|
|
|
| LEADER |
01003nam a2200253 a 4500 |
| 001 |
14264912 |
| 008 |
110818s2005 cc a b 001 0 eng d |
| 010 |
|
|
|a 2006271007
|
| 020 |
|
|
|a 0596008279 (pbk.)
|
| 035 |
|
|
|a (OCoLC)ocm61701862
|
| 040 |
|
|
|a UKM
|b eng
|c UKM
|d BAKER
|d DST
|d IXA
|d DLC
|d BD-DhAAL
|
| 042 |
|
|
|a ukblsr
|a lccopycat
|
| 082 |
0 |
4 |
|a 005.8
|2 22
|
| 245 |
0 |
0 |
|a Security and usability :
|b designing secure systems that people can use /
|c edited by Lorrie Faith Cranor & Simson Garfinkel.
|
| 260 |
|
|
|a Beijing ;
|a Sebastapol, CA :
|b O'Reilly,
|c c2005.
|
| 300 |
|
|
|a xviii, 714 p. :
|b ill. ;
|c 24 cm.
|
| 504 |
|
|
|a Includes bibliographical references and index.
|
| 541 |
1 |
|
|e 00015498
|
| 650 |
|
0 |
|a Computer security.
|
| 700 |
1 |
|
|a Cranor, Lorrie Faith.
|
| 700 |
1 |
|
|a Garfinkel, Simson.
|
| 852 |
4 |
|
|a Ayesha Abed Library
|j General Shelf.
|
| 999 |
|
|
|c 11209
|d 11209
|
| 952 |
|
|
|0 0
|1 0
|2 ddc
|4 0
|6 005_800000000000000_LOR
|7 0
|9 17882
|a BRACUL
|b BRACUL
|c GEN
|d 2011-08-21
|l 0
|o 005.8 LOR
|p 3010015498
|r 2011-08-21
|t 1
|w 2011-08-21
|y BK
|